Giáo trình Mỹ học

Uloženo v:
Podrobná bibliografie
Médium: Kniha
Jazyk:Undetermined
Témata:
On-line přístup:http://lrc.tdmu.edu.vn/opac/search/detail.asp?aID=2&ID=7903
Tagy: Přidat tag
Žádné tagy, Buďte první, kdo otaguje tento záznam!
Thư viện lưu trữ: Trung tâm Học liệu Trường Đại học Thủ Dầu Một
LEADER 00387nam a2200109Ia 4500
001 TDMU_7903
008 210410s9999 xx 000 0 und d
082 |a 701 
245 0 |a Giáo trình Mỹ học 
650 |a Mỹ học  |x Tư tưởng mỹ học  
856 |u http://lrc.tdmu.edu.vn/opac/search/detail.asp?aID=2&ID=7903 
980 |a Trung tâm Học liệu Trường Đại học Thủ Dầu Một